Human resource development : Theories and practices

Bibliographic Details
Main Author: Chandra, Harish
Format: Book
Published: New Dehli : Akansha Pub. , 2006
Subjects:

MARC

LEADER 00000cam a2200000 7i4500
001 0000018027
005 20080611.0
008 080603
020 |a 8183700136 
090 0 0 |a 370.113   |b CHA 
100 0 |a Chandra, Harish 
245 1 0 |a Human resource development :   |b Theories and practices   |c edited by Harish Chandra 
260 |a New Dehli :   |b Akansha Pub. ,   |c 2006 
500 |a Include index 
504 |a Includes bibliographical references 
650 0 |a Human capital 
650 0 |a Manpower 
999 |a 0001019667   |b Book   |c REFERENCE   |e Perbadanan Perpustakaan Awam Johor